<?xml version="1.0" encoding="UTF-8"?>
<record
    xmlns:xsi="http://www.w3.org/2001/XMLSchema-instance"
    xsi:schemaLocation="http://www.loc.gov/MARC21/slim http://www.loc.gov/standards/marcxml/schema/MARC21slim.xsd"
    xmlns="http://www.loc.gov/MARC21/slim">

  <leader>02125nam0a2200349 i 4500</leader>
  <controlfield tag="001">RU\NLR\bibl\2072883</controlfield>
  <controlfield tag="005">20241104123202.0</controlfield>
  <datafield tag="010" ind1=" " ind2=" ">
    <subfield code="a">9785955205403</subfield>
    <subfield code="9">250</subfield>
  </datafield>
  <datafield tag="021" ind1=" " ind2=" ">
    <subfield code="a">RU</subfield>
    <subfield code="b">2013-60693</subfield>
    <subfield code="9">4170</subfield>
  </datafield>
  <datafield tag="035" ind1=" " ind2=" ">
    <subfield code="a">(nilc)RuMoRGB-006623868</subfield>
  </datafield>
  <datafield tag="035" ind1=" " ind2=" ">
    <subfield code="a">(NLR Aleph) 002071172</subfield>
  </datafield>
  <datafield tag="090" ind1=" " ind2=" ">
    <subfield code="a">4757076</subfield>
    <subfield code="c">4757076</subfield>
  </datafield>
  <datafield tag="100" ind1=" " ind2=" ">
    <subfield code="a">20130805d2013    u  a0rusy50      ca</subfield>
  </datafield>
  <datafield tag="101" ind1="0" ind2=" ">
    <subfield code="a">rus</subfield>
  </datafield>
  <datafield tag="102" ind1=" " ind2=" ">
    <subfield code="a">RU</subfield>
  </datafield>
  <datafield tag="105" ind1=" " ind2=" ">
    <subfield code="a">a   zzzz|||||</subfield>
  </datafield>
  <datafield tag="200" ind1="1" ind2=" ">
    <subfield code="a">&#x41C;&#x435;&#x440;&#x44B; &#x43B;&#x438;&#x447;&#x43D;&#x43E;&#x439; &#x431;&#x435;&#x437;&#x43E;&#x43F;&#x430;&#x441;&#x43D;&#x43E;&#x441;&#x442;&#x438; &#x438;&#x43D;&#x441;&#x43F;&#x435;&#x43A;&#x442;&#x43E;&#x440;&#x43E;&#x432; &#x434;&#x43E;&#x440;&#x43E;&#x436;&#x43D;&#x43E;-&#x43F;&#x430;&#x442;&#x440;&#x443;&#x43B;&#x44C;&#x43D;&#x43E;&#x439; &#x441;&#x43B;&#x443;&#x436;&#x431;&#x44B; &#x413;&#x418;&#x411;&#x414;&#x414; &#x41C;&#x412;&#x414; &#x420;&#x43E;&#x441;&#x441;&#x438;&#x438;</subfield>
    <subfield code="e">&#x443;&#x447;&#x435;&#x431;&#x43D;&#x43E;-&#x43F;&#x440;&#x430;&#x43A;&#x442;&#x438;&#x447;&#x435;&#x441;&#x43A;&#x43E;&#x435; &#x43F;&#x43E;&#x441;&#x43E;&#x431;&#x438;&#x435;</subfield>
    <subfield code="f">&#x41C;-&#x432;&#x43E; &#x432;&#x43D;&#x443;&#x442;&#x440;. &#x434;&#x435;&#x43B; &#x420;&#x43E;&#x441;. &#x424;&#x435;&#x434;&#x435;&#x440;&#x430;&#x446;&#x438;&#x438;, &#x424;&#x435;&#x434;&#x435;&#x440;. &#x433;&#x43E;&#x441;. &#x43A;&#x430;&#x437;. &#x43E;&#x431;&#x440;&#x430;&#x437;&#x43E;&#x432;&#x430;&#x442;. &#x443;&#x447;&#x440;&#x435;&#x436;&#x434;&#x435;&#x43D;&#x438;&#x435; &#x434;&#x43E;&#x43F;. &#x43F;&#x440;&#x43E;&#x444;. &#x43E;&#x431;&#x440;&#x430;&#x437;&#x43E;&#x432;&#x430;&#x43D;&#x438;&#x44F; "&#x412;&#x441;&#x435;&#x440;&#x43E;&#x441;. &#x438;&#x43D;-&#x442; &#x43F;&#x43E;&#x432;&#x44B;&#x448;&#x435;&#x43D;&#x438;&#x44F; &#x43A;&#x432;&#x430;&#x43B;&#x438;&#x444;&#x438;&#x43A;&#x430;&#x446;&#x438;&#x438; &#x441;&#x43E;&#x442;&#x440;&#x443;&#x434;&#x43D;&#x438;&#x43A;&#x43E;&#x432; &#x41C;&#x412;&#x414; &#x420;&#x43E;&#x441;&#x441;&#x438;&#x438;" (&#x412;&#x418;&#x41F;&#x41A; &#x41C;&#x412;&#x414; &#x420;&#x43E;&#x441;&#x441;&#x438;&#x438;)</subfield>
    <subfield code="g">[&#x420;.&#x428;. &#x413;&#x430;&#x440;&#x438;&#x43F;&#x43E;&#x432; &#x438; &#x434;&#x440;.]</subfield>
    <subfield code="g">&#x43F;&#x43E;&#x434; &#x440;&#x435;&#x434;. &#x43F;&#x43E;&#x43B;&#x43A;. &#x43F;&#x43E;&#x43B;&#x438;&#x446;&#x438;&#x438; &#x420;.&#x428;. &#x413;&#x430;&#x440;&#x438;&#x43F;&#x43E;&#x432;&#x430;</subfield>
  </datafield>
  <datafield tag="210" ind1=" " ind2=" ">
    <subfield code="a">&#x414;&#x43E;&#x43C;&#x43E;&#x434;&#x435;&#x434;&#x43E;&#x432;&#x43E; (&#x41C;&#x43E;&#x441;&#x43A;. &#x43E;&#x431;&#x43B;.)</subfield>
    <subfield code="c">&#x412;&#x418;&#x41F;&#x41A; &#x41C;&#x412;&#x414; &#x420;&#x43E;&#x441;&#x441;&#x438;&#x438;</subfield>
    <subfield code="d">2013</subfield>
  </datafield>
  <datafield tag="215" ind1=" " ind2=" ">
    <subfield code="a">72 &#x441;.</subfield>
    <subfield code="c">&#x438;&#x43B;.</subfield>
    <subfield code="d">21</subfield>
  </datafield>
  <datafield tag="320" ind1=" " ind2=" ">
    <subfield code="a">&#x411;&#x438;&#x431;&#x43B;&#x438;&#x43E;&#x433;&#x440;.: &#x441;. 68-71 (46 &#x43D;&#x430;&#x437;&#x432;.)</subfield>
  </datafield>
  <datafield tag="601" ind1="0" ind2="2">
    <subfield code="a">&#x413;&#x43E;&#x441;&#x443;&#x434;&#x430;&#x440;&#x441;&#x442;&#x432;&#x435;&#x43D;&#x43D;&#x430;&#x44F; &#x438;&#x43D;&#x441;&#x43F;&#x435;&#x43A;&#x446;&#x438;&#x44F; &#x431;&#x435;&#x437;&#x43E;&#x43F;&#x430;&#x441;&#x43D;&#x43E;&#x441;&#x442;&#x438; &#x434;&#x43E;&#x440;&#x43E;&#x436;&#x43D;&#x43E;&#x433;&#x43E; &#x434;&#x432;&#x438;&#x436;&#x435;&#x43D;&#x438;&#x44F;</subfield>
    <subfield code="j">&#x423;&#x447;&#x435;&#x431;&#x43D;&#x44B;&#x435; &#x438;&#x437;&#x434;&#x430;&#x43D;&#x438;&#x44F;</subfield>
    <subfield code="x">&#x41A;&#x430;&#x434;&#x440;&#x44B;</subfield>
    <subfield code="x">&#x41E;&#x431;&#x435;&#x441;&#x43F;&#x435;&#x447;&#x435;&#x43D;&#x438;&#x435; &#x431;&#x435;&#x437;&#x43E;&#x43F;&#x430;&#x441;&#x43D;&#x43E;&#x441;&#x442;&#x438;</subfield>
    <subfield code="y">&#x420;&#x43E;&#x441;&#x441;&#x438;&#x439;&#x441;&#x43A;&#x430;&#x44F; &#x424;&#x435;&#x434;&#x435;&#x440;&#x430;&#x446;&#x438;&#x44F;</subfield>
    <subfield code="9">2158301</subfield>
    <subfield code="3">RU\NLR\AUTH\661603821</subfield>
  </datafield>
  <datafield tag="686" ind1="1" ind2=" ">
    <subfield code="a">&#x425;621.145.310.41&#x44F;7</subfield>
  </datafield>
  <datafield tag="702" ind1=" " ind2="1">
    <subfield code="a">&#x413;&#x430;&#x440;&#x438;&#x43F;&#x43E;&#x432;</subfield>
    <subfield code="b">&#x420;. &#x428;.</subfield>
    <subfield code="g">&#x420;&#x443;&#x441;&#x442;&#x430;&#x43C; &#x428;&#x430;&#x43C;&#x438;&#x43B;&#x435;&#x432;&#x438;&#x447;</subfield>
    <subfield code="4">220</subfield>
  </datafield>
  <datafield tag="712" ind1="0" ind2="2">
    <subfield code="4">475</subfield>
    <subfield code="a">&#x412;&#x441;&#x435;&#x440;&#x43E;&#x441;&#x441;&#x438;&#x439;&#x441;&#x43A;&#x438;&#x439; &#x438;&#x43D;&#x441;&#x442;&#x438;&#x442;&#x443;&#x442; &#x43F;&#x43E;&#x432;&#x44B;&#x448;&#x435;&#x43D;&#x438;&#x44F; &#x43A;&#x432;&#x430;&#x43B;&#x438;&#x444;&#x438;&#x43A;&#x430;&#x446;&#x438;&#x438; &#x441;&#x43E;&#x442;&#x440;&#x443;&#x434;&#x43D;&#x438;&#x43A;&#x43E;&#x432; &#x41C;&#x412;&#x414; &#x420;&#x43E;&#x441;&#x441;&#x438;&#x438;</subfield>
    <subfield code="c">&#x414;&#x43E;&#x43C;&#x43E;&#x434;&#x435;&#x434;&#x43E;&#x432;&#x43E;</subfield>
    <subfield code="9">827570</subfield>
    <subfield code="3">RU\NLR\AUTH\880580958</subfield>
  </datafield>
  <datafield tag="801" ind1=" " ind2="0">
    <subfield code="a">RU</subfield>
    <subfield code="b">RuMoRKP</subfield>
    <subfield code="c">20130805</subfield>
    <subfield code="g">RCR</subfield>
  </datafield>
  <datafield tag="801" ind1=" " ind2="2">
    <subfield code="a">RU</subfield>
    <subfield code="b">&#x420;&#x413;&#x411;</subfield>
    <subfield code="c">20130807</subfield>
  </datafield>
  <datafield tag="801" ind1=" " ind2="1">
    <subfield code="a">RU</subfield>
    <subfield code="b">RuMoRKP</subfield>
    <subfield code="c">20130805</subfield>
    <subfield code="2">rusmarc</subfield>
  </datafield>
  <datafield tag="801" ind1=" " ind2="2">
    <subfield code="a">RU</subfield>
    <subfield code="b">NLR</subfield>
    <subfield code="c">20130917</subfield>
    <subfield code="g">rcr</subfield>
  </datafield>
  <datafield tag="942" ind1=" " ind2=" ">
    <subfield code="c">BOOK</subfield>
  </datafield>
  <datafield tag="980" ind1=" " ind2=" ">
    <subfield code="a">NBR</subfield>
  </datafield>
</record>
